[Event "FIDE World Cup 2025"]
[Site "Goa, India"]
[Date "2025.11.03"]
[Round "4.12"]
[White "Galaviz Medina, Sion Radamantys"]
[Black "Supi, Luis Paulo"]
[Result "0-1"]
[TimeControl ": 90 minutes for the first 40 moves, followed by 30 minutes for the rest of the gamewith an increment of 30 seconds per move starting from move 1"]
[WhiteFideId "5123119"]
[BlackFideId "2106388"]
[WhiteElo "2515"]
[BlackElo "2575"]

1. d4 {[%clk 00:15:18]} {[%emt 00:00:02]} Nf6 {[%clk 00:15:18]} 2. c4 {[%clk
00:15:27]} {[%emt 00:00:02]} e6 {[%clk 00:15:28]} 3. Nc3 {[%clk 00:15:36]}
{[%emt 00:00:02]} Bb4 {[%clk 00:15:37]} 4. f3 {[%clk 00:15:45]} {[%emt
00:00:02]} d5 {[%clk 00:15:40]} {[%emt 00:00:06]} 5. a3 {[%clk 00:15:53]}
{[%emt 00:00:02]} Bxc3+ {[%clk 00:15:48]} {[%emt 00:00:02]} 6. bxc3 {[%clk
00:16:00]} {[%emt 00:00:03]} c6 {[%clk 00:15:56]} {[%emt 00:00:02]} 7. e3
{[%clk 00:15:32]} {[%emt 00:00:38]} O-O {[%clk 00:15:44]} {[%emt 00:00:21]} 8.
a4 {[%clk 00:15:31]} {[%emt 00:00:11]} Qc7 {[%clk 00:15:25]} {[%emt 00:00:29]}
9. Bd3 {[%clk 00:13:35]} {[%emt 00:02:07]} dxc4 {[%clk 00:15:30]} {[%emt
00:00:04]} 10. Bxc4 {[%clk 00:13:44]} {[%emt 00:00:02]} c5 {[%clk 00:15:36]}
{[%emt 00:00:04]} 11. Ba2 {[%clk 00:13:50]} {[%emt 00:00:03]} b6 {[%clk
00:14:41]} {[%emt 00:01:06]} 12. Ne2 {[%clk 00:13:59]} {[%emt 00:00:02]} Ba6
{[%clk 00:14:45]} {[%emt 00:00:05]} 13. O-O {[%clk 00:13:46]} {[%emt 00:00:23]}
Nc6 {[%clk 00:14:49]} {[%emt 00:00:07]} 14. Rf2 {[%clk 00:12:51]} {[%emt
00:01:03]} Rfd8 {[%clk 00:14:37]} {[%emt 00:00:22]} 15. Bb2 {[%clk 00:12:08]}
{[%emt 00:00:54]} Na5 {[%clk 00:10:19]} {[%emt 00:04:28]} 16. e4 {[%clk
00:11:15]} {[%emt 00:01:03]} Bc4 {[%clk 00:09:06]} {[%emt 00:01:23]} 17. Bb1
{[%clk 00:10:07]} {[%emt 00:01:18]} Rac8 {[%clk 00:08:32]} {[%emt 00:00:43]} 18.
Bc2 {[%clk 00:04:23]} {[%emt 00:05:55]} Nc6 {[%clk 00:05:08]} {[%emt 00:03:34]}
19. Rc1 {[%clk 00:02:31]} {[%emt 00:02:02]} Qd7 {[%clk 00:03:36]} {[%emt
00:01:43]} 20. e5 {[%clk 00:01:12]} {[%emt 00:01:29]} Nd5 {[%clk 00:03:21]}
{[%emt 00:00:24]} 21. Qd2 {[%clk 00:00:52]} {[%emt 00:00:31]} cxd4 {[%clk
00:03:19]} {[%emt 00:00:10]} 22. cxd4 {[%clk 00:01:00]} {[%emt 00:00:03]} Ncb4
{[%clk 00:03:03]} {[%emt 00:00:26]} 23. Bb1 {[%clk 00:00:50]} {[%emt 00:00:20]}
Bxe2 {[%clk 00:02:48]} {[%emt 00:00:25]} 24. Rxe2 {[%clk 00:00:33]} {[%emt
00:00:27]} Rxc1+ {[%clk 00:02:55]} {[%emt 00:00:03]} 25. Qxc1 {[%clk 00:00:42]}
{[%emt 00:00:02]} Rc8 {[%clk 00:02:37]} {[%emt 00:00:27]} 26. Qd1 {[%clk
00:00:24]} {[%emt 00:00:28]} Nc3 {[%clk 00:02:30]} {[%emt 00:00:17]} 27. Bxc3
{[%clk 00:00:33]} Rxc3 {[%clk 00:02:39]} 28. Be4 {[%clk 00:00:34]} {[%emt
00:00:10]} Nd3 {[%clk 00:01:37]} {[%emt 00:01:12]} 29. Rc2 {[%clk 00:00:12]}
{[%emt 00:00:32]} Qxd4+ {[%clk 00:00:48]} {[%emt 00:00:59]} 30. Kf1 {[%clk
00:00:21]} g6 {[%clk 00:00:41]} {[%emt 00:00:17]} 31. Rd2 {[%clk 00:00:20]}
{[%emt 00:00:12]} Qc5 {[%clk 00:00:50]} 32. Rxd3 {[%clk 00:00:14]} {[%emt
00:00:15]} Rc1 {[%clk 00:00:59]} {[%emt 00:00:02]} 33. Qxc1 {[%clk 00:00:19]}
{[%emt 00:00:05]} Qxc1+ {[%clk 00:01:08]} 34. Kf2 {[%emt 00:00:03]} Qb2+ {[%clk
00:01:11]} {[%emt 00:00:05]} 35. Kf1 {[%clk 00:00:34]} {[%emt 00:00:04]} Qxe5
{[%clk 00:01:14]} {[%emt 00:00:07]} 36. Rd1 {[%clk 00:00:39]} {[%emt 00:00:05]}
Qxh2 {[%clk 00:01:18]} {[%emt 00:00:04]} 37. Rd7 {[%clk 00:00:47]} {[%emt
00:00:04]} a5 {[%clk 00:01:06]} {[%emt 00:00:22]} 38. Bd3 {[%emt 00:00:21]} h5
{[%clk 00:00:58]} 39. Bb5 {[%clk 00:01:03]} {[%emt 00:00:02]} h4 {[%clk
00:01:04]} {[%emt 00:00:03]} 40. Ra7 {[%clk 00:01:03]} {[%emt 00:00:10]} Kf8
{[%clk 00:00:57]} {[%emt 00:00:18]} 41. Ra8+ {[%clk 00:00:58]} {[%emt
00:00:14]} Kg7 {[%clk 00:01:04]} {[%emt 00:00:03]} 42. Ra7 {[%clk 00:01:07]}
Qb8 {[%clk 00:00:48]} {[%emt 00:00:25]} 43. Rd7 {[%clk 00:01:15]} {[%emt
00:00:03]} g5 {[%clk 00:00:53]} {[%emt 00:00:05]} 44. Bc4 {[%clk 00:01:02]}
{[%emt 00:00:23]} Qe5 {[%clk 00:00:55]} {[%emt 00:00:08]} 45. Bb5 {[%clk
00:01:08]} {[%emt 00:00:05]} Qf4 {[%clk 00:00:51]} {[%emt 00:00:12]} 46. Ke2
{[%clk 00:01:03]} {[%emt 00:00:15]} Qg3 {[%clk 00:01:00]} {[%emt 00:00:02]} 47.
Kf1 {[%clk 00:01:12]} h3 {[%clk 00:01:09]} {[%emt 00:00:01]} 48. gxh3 {[%clk
00:01:16]} {[%emt 00:00:06]} Qxf3+ {[%clk 00:01:18]} 49. Ke1 {[%clk 00:01:25]}
Qxh3 {[%clk 00:01:24]} {[%emt 00:00:08]} 50. Rd3 {[%clk 00:01:34]} Qf5 {[%clk
00:01:30]} {[%emt 00:00:01]} 51. Ke2 {[%clk 00:01:42]} {[%emt 00:00:02]} g4
{[%clk 00:01:38]} {[%emt 00:00:02]} 52. Re3 {[%clk 00:01:51]} {[%emt 00:00:02]}
Qc5 {[%clk 00:01:39]} {[%emt 00:00:08]} 53. Rd3 {[%clk 00:01:58]} {[%emt
00:00:04]} f5 {[%clk 00:01:42]} {[%emt 00:00:06]} 54. Kf1 {[%clk 00:01:42]}
{[%emt 00:00:26]} f4 {[%clk 00:01:48]} {[%emt 00:00:05]} 55. Kg2 {[%clk
00:01:50]} {[%emt 00:00:02]} Qc2+ {[%clk 00:01:55]} {[%emt 00:00:03]} 56. Kf1
{[%clk 00:01:59]} {[%emt 00:00:01]} f3 {[%clk 00:01:55]} {[%emt 00:00:11]} 57.
Rd7+ {[%clk 00:02:08]} Kf6 {[%clk 00:02:02]} {[%emt 00:00:03]} 58. Ke1 {[%clk
00:02:17]} g3 {[%clk 00:02:08]} {[%emt 00:00:04]} 59. Rd8 {[%clk 00:01:55]}
{[%emt 00:00:31]} Qc1+ {[%clk 00:02:13]} {[%emt 00:00:09]} 0-1

[Event "FIDE World Cup 2025"]
[Site "Goa, India"]
[Date "2025.11.03"]
[Round "4.1"]
[White "Cardoso Cardoso, Jose Gabriel"]
[Black "Jobava, Baadur"]
[Result "0-1"]
[TimeControl ": 90 minutes for the first 40 moves, followed by 30 minutes for the rest of the gamewith an increment of 30 seconds per move starting from move 1"]
[WhiteFideId "4430492"]
[BlackFideId "13601520"]
[WhiteElo "2518"]
[BlackElo "2590"]

1. e4 {[%clk 00:15:18]} {[%emt 00:00:01]} d6 {[%clk 00:15:15]} {[%emt
00:00:06]} 2. d4 {[%clk 00:15:24]} {[%emt 00:00:05]} Nf6 {[%clk 00:15:23]}
{[%emt 00:00:01]} 3. Nc3 {[%clk 00:15:31]} {[%emt 00:00:03]} e5 {[%clk
00:15:32]} {[%emt 00:00:02]} 4. Nf3 {[%clk 00:15:36]} {[%emt 00:00:04]} Nbd7
{[%clk 00:15:41]} {[%emt 00:00:02]} 5. Bc4 {[%clk 00:15:40]} {[%emt 00:00:05]}
Be7 {[%clk 00:15:49]} {[%emt 00:00:02]} 6. O-O {[%clk 00:15:46]} {[%emt
00:00:03]} O-O {[%clk 00:15:58]} {[%emt 00:00:02]} 7. Re1 {[%clk 00:15:52]}
{[%emt 00:00:04]} c6 {[%clk 00:16:06]} {[%emt 00:00:02]} 8. a4 {[%clk
00:16:00]} {[%emt 00:00:02]} a5 {[%clk 00:16:09]} {[%emt 00:00:07]} 9. h3
{[%clk 00:15:58]} {[%emt 00:00:12]} h6 {[%clk 00:16:16]} {[%emt 00:00:03]} 10.
Ba2 {[%clk 00:15:07]} {[%emt 00:01:01]} Re8 {[%clk 00:16:24]} {[%emt 00:00:02]}
11. Be3 {[%clk 00:13:37]} {[%emt 00:01:40]} Bf8 {[%clk 00:16:22]} {[%emt
00:00:12]} 12. d5 {[%clk 00:12:07]} {[%emt 00:01:40]} Nb6 {[%clk 00:15:43]}
{[%emt 00:00:49]} 13. Nd2 {[%clk 00:11:16]} {[%emt 00:01:01]} Bd7 {[%clk
00:14:54]} {[%emt 00:00:59]} 14. Nc4 {[%clk 00:10:21]} {[%emt 00:01:05]} Nxc4
{[%clk 00:14:59]} {[%emt 00:00:05]} 15. Bxc4 {[%clk 00:10:29]} {[%emt
00:00:02]} Qc7 {[%clk 00:14:12]} {[%emt 00:00:57]} 16. Bb3 {[%clk 00:10:13]}
{[%emt 00:00:25]} Rad8 {[%clk 00:12:56]} {[%emt 00:01:26]} 17. Qf3 {[%clk
00:08:31]} {[%emt 00:01:53]} Be7 {[%clk 00:13:04]} {[%emt 00:00:01]} 18. Rad1
{[%clk 00:08:15]} {[%emt 00:00:26]} Rf8 {[%clk 00:12:50]} {[%emt 00:00:25]} 19.
Ne2 {[%clk 00:06:46]} {[%emt 00:01:39]} cxd5 {[%clk 00:11:23]} {[%emt
00:01:37]} 20. exd5 {[%clk 00:06:54]} {[%emt 00:00:01]} Nh7 {[%clk 00:11:09]}
{[%emt 00:00:25]} 21. Bd2 {[%clk 00:05:31]} {[%emt 00:01:33]} b6 {[%clk
00:11:17]} {[%emt 00:00:02]} 22. Nd4 {[%clk 00:05:10]} {[%emt 00:00:30]} Bg5
{[%clk 00:11:12]} {[%emt 00:00:15]} 23. Nc6 {[%clk 00:04:31]} {[%emt 00:00:49]}
Rde8 {[%clk 00:11:20]} {[%emt 00:00:02]} 24. Qc3 {[%clk 00:03:02]} {[%emt
00:01:39]} Kh8 {[%clk 00:11:28]} {[%emt 00:00:02]} 25. Bxg5 {[%clk 00:02:58]}
{[%emt 00:00:14]} Nxg5 {[%clk 00:10:45]} {[%emt 00:00:53]} 26. h4 {[%clk
00:02:50]} {[%emt 00:00:19]} Nh7 {[%clk 00:10:53]} 27. Bc4 {[%clk 00:02:29]}
{[%emt 00:00:30]} Bxc6 {[%clk 00:08:59]} {[%emt 00:02:04]} 28. Bb5 {[%clk
00:02:34]} {[%emt 00:00:05]} f5 {[%clk 00:08:45]} {[%emt 00:00:25]} 29. Qxc6
{[%clk 00:01:31]} {[%emt 00:01:13]} Qd8 {[%clk 00:07:20]} {[%emt 00:01:35]} 30.
Qc4 {[%clk 00:01:31]} {[%emt 00:00:09]} Re7 {[%clk 00:07:25]} {[%emt 00:00:05]}
31. b4 {[%clk 00:00:50]} {[%emt 00:00:52]} g5 {[%clk 00:05:40]} {[%emt
00:01:55]} 32. hxg5 {[%clk 00:00:44]} {[%emt 00:00:16]} Nxg5 {[%clk 00:05:47]}
{[%emt 00:00:02]} 33. bxa5 {[%clk 00:00:38]} {[%emt 00:00:16]} bxa5 {[%clk
00:05:55]} {[%emt 00:00:02]} 34. Bc6 {[%clk 00:00:23]} {[%emt 00:00:26]} Rg7
{[%clk 00:05:54]} {[%emt 00:00:10]} 35. Kf1 {[%clk 00:00:27]} {[%emt 00:00:06]}
Ne4 {[%clk 00:05:46]} {[%emt 00:00:18]} 36. Rxe4 {[%clk 00:00:13]} {[%emt
00:00:24]} fxe4 {[%clk 00:05:55]} {[%emt 00:00:02]} 37. Qxe4 {[%clk 00:00:20]}
{[%emt 00:00:03]} Qg5 {[%clk 00:05:52]} {[%emt 00:00:13]} 38. Rb1 {[%clk
00:00:17]} {[%emt 00:00:13]} Qg3 {[%clk 00:05:56]} {[%emt 00:00:06]} 39. Ke2
{[%emt 00:00:16]} Qxf2+ {[%clk 00:05:57]} {[%emt 00:00:08]} 0-1

[Event "FIDE World Cup 2025"]
[Site "Goa, India"]
[Date "2025.11.03"]
[Round "4.2"]
[White "Peng, Xiongjian"]
[Black "Ghosh, Diptayan"]
[Result "0-1"]
[TimeControl ": 90 minutes for the first 40 moves, followed by 30 minutes for the rest of the gamewith an increment of 30 seconds per move starting from move 1"]
[WhiteFideId "8610550"]
[BlackFideId "5045207"]
[WhiteElo "2521"]
[BlackElo "2573"]

1. e4 {[%clk 00:15:18]} {[%emt 00:00:01]} e5 {[%clk 00:15:19]} {[%emt
00:00:02]} 2. Nf3 {[%clk 00:15:26]} {[%emt 00:00:01]} Nc6 {[%clk 00:15:29]} 3.
d4 {[%clk 00:15:35]} {[%emt 00:00:02]} exd4 {[%clk 00:15:37]} {[%emt 00:00:02]}
4. Nxd4 {[%clk 00:15:43]} {[%emt 00:00:01]} Bc5 {[%clk 00:15:45]} {[%emt
00:00:01]} 5. Nb3 {[%clk 00:15:52]} {[%emt 00:00:02]} Bb6 {[%clk 00:15:54]}
{[%emt 00:00:01]} 6. Qe2 {[%clk 00:16:00]} {[%emt 00:00:02]} d6 {[%clk
00:15:58]} {[%emt 00:00:07]} 7. Nc3 {[%clk 00:15:59]} {[%emt 00:00:11]} a5
{[%clk 00:16:06]} {[%emt 00:00:01]} 8. a4 {[%clk 00:15:40]} {[%emt 00:00:29]}
Nb4 {[%clk 00:16:15]} {[%emt 00:00:02]} 9. Bf4 {[%clk 00:14:11]} {[%emt
00:01:39]} Qf6 {[%clk 00:16:23]} {[%emt 00:00:02]} 10. Bg3 {[%clk 00:14:06]}
{[%emt 00:00:14]} Ne7 {[%clk 00:16:00]} {[%emt 00:00:34]} 11. O-O-O {[%clk
00:14:02]} {[%emt 00:00:13]} O-O {[%clk 00:15:52]} {[%emt 00:00:19]} 12. Kb1
{[%clk 00:13:58]} {[%emt 00:00:15]} Be6 {[%clk 00:15:21]} {[%emt 00:00:41]} 13.
f4 {[%clk 00:13:41]} {[%emt 00:00:26]} Rae8 {[%clk 00:13:45]} {[%emt 00:01:46]}
14. Qd2 {[%clk 00:13:39]} {[%emt 00:00:11]} Qh6 {[%clk 00:13:29]} {[%emt
00:00:26]} 15. Nd4 {[%clk 00:13:40]} {[%emt 00:00:09]} Bg4 {[%clk 00:13:04]}
{[%emt 00:00:35]} 16. Nf3 {[%clk 00:13:46]} {[%emt 00:00:04]} d5 {[%clk
00:12:56]} {[%emt 00:00:19]} 17. exd5 {[%clk 00:12:35]} {[%emt 00:01:20]} Nf5
{[%clk 00:11:41]} {[%emt 00:01:25]} 18. Bf2 {[%clk 00:12:25]} {[%emt 00:00:20]}
Bxf2 {[%clk 00:10:38]} {[%emt 00:01:13]} 19. Qxf2 {[%clk 00:12:33]} {[%emt
00:00:01]} Ne3 {[%clk 00:10:46]} {[%emt 00:00:02]} 20. Rd2 {[%clk 00:12:16]}
{[%emt 00:00:27]} Qxf4 {[%clk 00:10:50]} {[%emt 00:00:07]} 21. Bd3 {[%clk
00:11:29]} {[%emt 00:00:58]} Nxg2 {[%clk 00:09:30]} {[%emt 00:01:30]} 22. Rg1
{[%clk 00:10:40]} {[%emt 00:00:59]} Bxf3 {[%clk 00:07:52]} {[%emt 00:01:48]} 23.
Rxg2 {[%clk 00:10:48]} {[%emt 00:00:02]} Qe3 {[%clk 00:07:41]} {[%emt
00:00:21]} 24. Qxe3 {[%clk 00:09:34]} {[%emt 00:01:24]} Rxe3 {[%clk 00:07:49]}
{[%emt 00:00:02]} 25. Rg1 {[%clk 00:09:42]} {[%emt 00:00:02]} Nxd3 {[%clk
00:07:15]} {[%emt 00:00:45]} 26. Rxd3 {[%clk 00:09:49]} {[%emt 00:00:02]} Rxd3
{[%clk 00:07:20]} {[%emt 00:00:05]} 27. cxd3 {[%clk 00:09:57]} {[%emt
00:00:02]} Rd8 {[%clk 00:07:15]} {[%emt 00:00:14]} 28. Rg5 {[%clk 00:09:32]}
{[%emt 00:00:34]} f6 {[%clk 00:06:45]} {[%emt 00:00:41]} 29. Rf5 {[%clk
00:09:40]} {[%emt 00:00:02]} Bg4 {[%clk 00:06:54]} {[%emt 00:00:02]} 30. Rf4
{[%clk 00:09:47]} {[%emt 00:00:03]} Bd7 {[%clk 00:07:02]} {[%emt 00:00:02]} 31.
Kc2 {[%clk 00:09:46]} {[%emt 00:00:11]} Kf7 {[%clk 00:07:08]} {[%emt 00:00:04]}
32. Rc4 {[%clk 00:09:23]} {[%emt 00:00:33]} Rc8 {[%clk 00:06:36]} {[%emt
00:00:42]} 33. b4 {[%clk 00:08:04]} {[%emt 00:01:29]} axb4 {[%clk 00:06:28]}
{[%emt 00:00:18]} 34. Rxb4 {[%clk 00:08:13]} {[%emt 00:00:02]} b6 {[%clk
00:06:37]} 35. Kb3 {[%clk 00:08:19]} {[%emt 00:00:04]} Ke7 {[%clk 00:06:40]}
{[%emt 00:00:07]} 36. Ne4 {[%clk 00:06:43]} {[%emt 00:01:46]} f5 {[%clk
00:06:31]} {[%emt 00:00:19]} 37. Nd2 {[%clk 00:06:17]} {[%emt 00:00:36]} Kd6
{[%clk 00:05:21]} {[%emt 00:01:20]} 38. Rd4 {[%clk 00:06:25]} {[%emt 00:00:02]}
Ra8 {[%clk 00:04:56]} {[%emt 00:00:35]} 39. h4 {[%clk 00:06:30]} {[%emt
00:00:05]} g6 {[%clk 00:04:58]} {[%emt 00:00:08]} 40. Nf3 {[%clk 00:05:25]}
{[%emt 00:01:14]} h6 {[%clk 00:04:59]} {[%emt 00:00:08]} 41. Nd2 {[%clk
00:05:27]} {[%emt 00:00:08]} g5 {[%clk 00:04:55]} {[%emt 00:00:14]} 42. Nc4+
{[%clk 00:05:26]} {[%emt 00:00:12]} Kc5 {[%clk 00:04:26]} {[%emt 00:00:38]} 43.
Kc3 {[%clk 00:05:26]} {[%emt 00:00:10]} Rxa4 {[%clk 00:04:07]} {[%emt
00:00:29]} 44. d6 {[%clk 00:05:32]} {[%emt 00:00:03]} cxd6 {[%clk 00:03:51]}
{[%emt 00:00:26]} 45. hxg5 {[%clk 00:05:24]} {[%emt 00:00:19]} hxg5 {[%clk
00:04:00]} {[%emt 00:00:02]} 46. Rxd6 {[%clk 00:05:25]} {[%emt 00:00:09]} Rxc4+
{[%clk 00:04:07]} {[%emt 00:00:02]} 0-1

[Event "FIDE World Cup 2025"]
[Site "Goa, India"]
[Date "2025.11.03"]
[Round "4.3"]
[White "Flores, Diego"]
[Black "Makhnev, Denis"]
[Result "1/2-1/2"]
[TimeControl ": 90 minutes for the first 40 moves, followed by 30 minutes for the rest of the gamewith an increment of 30 seconds per move starting from move 1"]
[WhiteFideId "108049"]
[BlackFideId "13707647"]
[WhiteElo "2558"]
[BlackElo "2525"]

1. Nf3 {[%clk 00:15:16]} {[%emt 00:00:02]} Nf6 {[%clk 00:15:18]} {[%emt
00:00:03]} 2. g3 {[%clk 00:15:22]} {[%emt 00:00:04]} d5 {[%clk 00:15:26]}
{[%emt 00:00:02]} 3. Bg2 {[%clk 00:15:29]} {[%emt 00:00:03]} e6 {[%clk
00:15:34]} {[%emt 00:00:02]} 4. O-O {[%clk 00:15:34]} {[%emt 00:00:05]} Be7
{[%clk 00:15:42]} {[%emt 00:00:02]} 5. d3 {[%clk 00:15:30]} {[%emt 00:00:14]}
b6 {[%clk 00:15:39]} {[%emt 00:00:13]} 6. Nbd2 {[%clk 00:15:18]} {[%emt
00:00:22]} Bb7 {[%clk 00:15:47]} {[%emt 00:00:02]} 7. e4 {[%clk 00:15:18]}
{[%emt 00:00:10]} dxe4 {[%clk 00:15:54]} {[%emt 00:00:03]} 8. dxe4 {[%clk
00:15:22]} {[%emt 00:00:06]} O-O {[%clk 00:14:15]} {[%emt 00:01:49]} 9. Qe2
{[%clk 00:14:53]} {[%emt 00:00:38]} Nc6 {[%clk 00:12:48]} {[%emt 00:01:37]} 10.
Re1 {[%clk 00:13:12]} {[%emt 00:01:50]} e5 {[%clk 00:11:48]} {[%emt 00:01:10]}
11. c3 {[%clk 00:12:57]} {[%emt 00:00:25]} a5 {[%clk 00:11:46]} {[%emt
00:00:11]} 12. Nh4 {[%clk 00:09:09]} {[%emt 00:03:59]} Ba6 {[%clk 00:10:58]}
{[%emt 00:00:59]} 13. Qf3 {[%clk 00:09:11]} {[%emt 00:00:08]} Qd3 {[%clk
00:08:17]} {[%emt 00:02:51]} 14. Nf5 {[%clk 00:08:29]} {[%emt 00:00:51]} Qxf3
{[%clk 00:08:08]} {[%emt 00:00:20]} 15. Bxf3 {[%clk 00:05:20]} {[%emt
00:03:19]} Rfe8 {[%clk 00:06:58]} {[%emt 00:01:20]} 16. Nf1 {[%clk 00:04:53]}
{[%emt 00:00:37]} Bf8 {[%clk 00:07:00]} {[%emt 00:00:08]} 17. Rd1 {[%clk
00:03:10]} {[%emt 00:01:53]} Ne7 {[%clk 00:04:42]} {[%emt 00:02:28]} 18. Nxe7+
{[%clk 00:02:42]} {[%emt 00:00:37]} Bxe7 {[%clk 00:04:46]} {[%emt 00:00:06]} 19.
Bg5 {[%clk 00:02:12]} {[%emt 00:00:40]} h6 {[%clk 00:03:33]} {[%emt 00:01:23]}
20. Bxf6 {[%clk 00:02:19]} {[%emt 00:00:02]} Bxf6 {[%clk 00:03:41]} {[%emt
00:00:01]} 21. Ne3 {[%clk 00:02:24]} {[%emt 00:00:05]} Bb7 {[%clk 00:03:49]}
{[%emt 00:00:02]} 22. Rd7 {[%clk 00:01:49]} {[%emt 00:00:45]} Re7 {[%clk
00:03:39]} {[%emt 00:00:20]} 23. Rad1 {[%clk 00:01:53]} {[%emt 00:00:06]} Bc6
{[%clk 00:03:44]} {[%emt 00:00:06]} 24. R7d3 {[%clk 00:01:43]} {[%emt
00:00:19]} g6 {[%clk 00:03:15]} {[%emt 00:00:39]} 25. h4 {[%clk 00:00:42]}
{[%emt 00:01:12]} h5 {[%clk 00:03:21]} {[%emt 00:00:04]} 26. Bg2 {[%clk
00:00:50]} {[%emt 00:00:01]} Ree8 {[%clk 00:03:26]} {[%emt 00:00:06]} 27. Nd5
{[%clk 00:00:53]} {[%emt 00:00:06]} Bxd5 {[%clk 00:02:54]} {[%emt 00:00:42]} 28.
exd5 {[%clk 00:01:01]} {[%emt 00:00:02]} Rad8 {[%clk 00:02:37]} {[%emt
00:00:26]} 29. d6 {[%clk 00:01:07]} {[%emt 00:00:05]} cxd6 {[%clk 00:01:57]}
{[%emt 00:00:50]} 30. Rxd6 {[%clk 00:01:13]} {[%emt 00:00:03]} Be7 {[%clk
00:02:06]} {[%emt 00:00:02]} 31. Rd7 {[%clk 00:01:08]} {[%emt 00:00:16]} Kf8
{[%clk 00:02:11]} {[%emt 00:00:04]} 32. Kf1 {[%clk 00:00:25]} {[%emt 00:00:54]}
Rxd7 {[%clk 00:02:15]} {[%emt 00:00:05]} 33. Rxd7 {[%clk 00:00:34]} {[%emt
00:00:02]} Rd8 {[%clk 00:02:22]} {[%emt 00:00:01]} 34. Rxd8+ {[%clk 00:00:24]}
{[%emt 00:00:21]} Bxd8 {[%clk 00:02:31]} {[%emt 00:00:01]} 35. Ke2 {[%clk
00:00:31]} {[%emt 00:00:03]} g5 {[%clk 00:02:19]} {[%emt 00:00:21]} 36. hxg5
{[%clk 00:00:34]} {[%emt 00:00:07]} Bxg5 {[%clk 00:02:28]} {[%emt 00:00:01]} 37.
Kd3 {[%clk 00:00:35]} {[%emt 00:00:08]} Ke7 {[%clk 00:02:22]} {[%emt 00:00:17]}
38. Kc4 {[%clk 00:00:41]} {[%emt 00:00:05]} Kd6 {[%clk 00:02:27]} {[%emt
00:00:05]} 39. b4 {[%clk 00:00:37]} {[%emt 00:00:13]} axb4 {[%clk 00:02:15]}
{[%emt 00:00:22]} 40. cxb4 {[%clk 00:00:46]} h4 {[%clk 00:02:12]} {[%emt
00:00:13]} 41. gxh4 {[%clk 00:00:16]} {[%emt 00:00:40]} Bxh4 {[%clk 00:02:21]}
{[%emt 00:00:02]} 42. f3 {[%clk 00:00:25]} f5 {[%clk 00:02:26]} {[%emt
00:00:04]} 43. Kb5 {[%clk 00:00:26]} {[%emt 00:00:09]} Kc7 {[%clk 00:02:35]}
{[%emt 00:00:01]} 44. Kc4 {[%clk 00:00:27]} {[%emt 00:00:09]} e4 {[%clk
00:02:43]} {[%emt 00:00:02]} 45. fxe4 {[%clk 00:00:33]} {[%emt 00:00:05]} fxe4
{[%clk 00:02:52]} {[%emt 00:00:01]} 46. Bxe4 {[%clk 00:00:41]} {[%emt
00:00:01]} Kb8 {[%clk 00:03:00]} {[%emt 00:00:02]} 47. Kb5 {[%clk 00:00:47]}
{[%emt 00:00:04]} Ka7 {[%clk 00:03:09]} {[%emt 00:00:02]} 48. a4 {[%clk
00:00:53]} {[%emt 00:00:04]} Be1 {[%clk 00:03:17]} {[%emt 00:00:02]} 49. Bf3
{[%clk 00:00:59]} {[%emt 00:00:04]} Bd2 {[%clk 00:03:25]} {[%emt 00:00:02]} 50.
Kc4 {[%clk 00:01:07]} {[%emt 00:00:01]} Be1 {[%clk 00:03:34]} {[%emt 00:00:02]}
51. Kb5 {[%clk 00:00:43]} {[%emt 00:00:34]} Bd2 {[%clk 00:03:42]} {[%emt
00:00:02]} 52. a5 {[%clk 00:00:41]} {[%emt 00:00:13]} bxa5 {[%clk 00:03:50]}
{[%emt 00:00:01]} 53. bxa5 {[%clk 00:00:50]} {[%emt 00:00:02]} Bxa5 {[%clk
00:03:58]} {[%emt 00:00:01]} 1/2-1/2